000 00928nas a2200301 4500
001 BR7304157
003 BR-BrBNA
005 20231205082505.0
007 ta
008 230509b bl.|||p| |||| 00| 00por d
040 _aBR-BrBNA
_bpor
_cBiblioteca Nacional de Agricultura
041 _a(Pt)
072 _aQ20
100 1 _aTango, J.S.
100 1 _aMenezes, T.J.B. de
100 1 _aTeixeira, C.G.
245 1 _aLevantamento da ocorrencia de aflatoxina em sementes de amendoim nas safras das aguas e da seca [Aspergillus flavus; Fungo; Sao Paulo, Brasil]
650 _aAMENDOIM
650 _aAFLATOXINA
650 _aSEMENTE
650 _aCONTAMINACAO FUNGICA
650 _aOLEO
650 _aACIDEZ
650 _aSAO PAULO
773 0 _tColetanea do Instituto de Tecnologia de Alimentos (Brazil)
_x
_g(1965), v. 1(pt. 1) p. 1-11
_wBR7304157
909 _a202311
_bLúcia
_c55
_dLúcia Elande
942 _2AGRIS
_n0
_cANA
999 _c92264
_d92264